Most Common Baby Names by Letter USA 2011 Quiz Stats

 Plays Quiz not verified by Sporcle

Score 0/47 Timer 10:00
0 Plays Today
Letter Name % Correct
E GirlsEmma
86.3%
W BoysWilliam
85%
O GirlsOlivia
84.3%
J BoysJacob
83.7%
A BoysAlexander
81.7%
D BoysDaniel
81.7%
I GirlsIsabella
81%
O BoysOliver
81%
E BoysEthan
80.4%
Z BoysZachary
79.7%
C Boys Christopher
79.1%
V BoysVictor
79.1%
X BoysXavier
79.1%
G GirlsGrace
78.4%
V GirlsVictoria
78.4%
H GirlsHannah
77.1%
Z GirlsZoey
75.8%
C GirlsChloe
73.2%
M GirlsMadison
72.5%
I BoysIsaac
71.9%
A GirlsAva
71.2%
N GirlsNatalie
71.2%
S BoysSamuel
71.2%
L GirlsLily
70.6%
Letter Name % Correct
Q GirlsQuinn
70.6%
Q BoysQuinn
70.6%
R BoysRyan
69.3%
L BoysLiam
68%
M BoysMason
68%
N BoysNoah
68%
B BoysBenjamin
67.3%
T BoysTyler
66.7%
J GirlsJulia
65.4%
S GirlsSophia
65.4%
G BoysGabriel
64.7%
T GirlsTaylor
62.7%
R GirlsRiley
59.5%
F GirlsFaith
58.8%
P GirlsPeyton
58.8%
B GirlsBrooklyn
54.9%
D GirlsDestiny
52.9%
H BoysHunter
52.9%
K GirlsKaylee
52.9%
W GirlsWillow
48.4%
P BoysParker
41.8%
K BoysKayden
40.5%
F BoysFernando
37.9%

You're not logged in!

Compare scores with friends on all Sporcle quizzes.
OR
Log In

You Might Also Like...

Show Comments

Extras

Top Quizzes Today


Score Distribution

Your Account Isn't Verified!

In order to create a playlist on Sporcle, you need to verify the email address you used during registration. Go to your Sporcle Settings to finish the process.

Report this User

Report this user for behavior that violates our Community Guidelines.

Details: